Boycott les marques appartenant à une entreprise américaine - Statistiques

Statistiques générales
  • Ce quiz a été pris 77 fois
  • Le résultat moyen est 5 sur 17
Answers on the Grid
Answers color-coded by a green-red scale on the quiz's grid according to % correct below.
Netflix
Amazon
GEOX
IKEA
LU
McLaren
Le Marseillais
Petit Bateau
Ryanair
Bonne Maman
Andros
Haas F1 Team
Powerade
Casino
Microsoft
Dior
Danone
Ariel
Evian
Dacia
Nike
Opel
Twitch
KitKat
Listerine
Fiat
Sephora
Hershey’s
Ibis
Mercure
 
Statistiques - réponses
Réponse % Correct
IKEA
92%
GEOX
54%
Petit Bateau
49%
Dior
31%
Evian
28%
Bonne Maman
23%
Fiat
23%
McLaren
23%
Ryanair
23%
Casino
21%
Dacia
21%
Opel
21%
Andros
18%
Ibis
18%
Sephora
18%
Danone
15%
Mercure
10%
Aucun quiz correspondant
Distribution des résultats
% des personnes avec chaque résultat
Percentile par nombre de réponses
Votre historique - résultats
Vous n’avez pas pris ce quiz